LEADER 01464nam a2200349 u 4500 001 000000066739 003 CaOOAMICUS 005 20070226121617.0 008 020123s1984 gw u000 u ger u 020 $a3170083546 (v.1) 020 $a3170083554 (v.2) 035 $a10917700 040 $aPUL(R)$bita 245 14$aDie alte Kirche /$cMartin Greschat (Hrsg.) 260 $aStuttgart :$bW. Kohlhammer,$cc1984. 300 $a2 v. ;$c24 cm 490 1 $aGestalten der Kirchengeschichte ;$vBd. 1-2 500 $aComprende indice. 504 $aBibliografia in nota. 650 4$aPatristica.$0(OLS)http://pul/subject/538 700 1 $aGreschat, Martin,$d1934-2017.$0(OLS)http://pul/name/35349 830 0$aGestalten der Kirchengeschichte ;$vBd. 1-2.$0(OLS)http://pul/title/88579 850 $aPUL 852 $aPUL$W1$xSL Filosofia 1$y2$m105(1) F 1-2$j86311$nBK-PRI$b $qStampati$B86311$CPULBib$Z2$F86311 $H $81 852 $aPUL$W1$xSL Filosofia 1$y2$m105(1) F 1-2$j86311$nBK-PRI$b $qStampati$B86312$CPULBib$Z2$F86312 $H $81 941 1 $a8 961 $aINV: 53281 - 53282 961 $aINV: 53281 - 53282 996 $6020$a3170083546 (v.1)$9(OLS)http://pul/number/86570 996 $6020$a3170083554 (v.2)$9(OLS)http://pul/number/86571 996 $6245$aDie alte Kirche$9(OLS)http://pul/title/88585 996 $6260$aStuttgart :$bW. Kohlhammer$9(OLS)http://pul/publisher/48214 LEADER 01705nam a2200325 a 4500 001 000000172534 003 CaOOAMICUS 005 20190822092735.0 008 190822s2018 it u000 u ita r 020 $a978-88-319-3900-3* 032 $aLibriCat 040 $aPUL$bita 082 04$a322 100 1 $aRea, Francesco Salvatore.$0(OLS)http://pul/name/110065 245 10$aInteressi diffusi e Ordinamento canonico : $ble posizioni giuridiche meta-individuali tra assorbimento del Civis nelle formazioni sociali e Spannung ontologico del Christifidelis nella realtą comunitaria della Chiesa /$cFrancesco Salvatore Rea. 260 $aAcerra (Na) :$bTurisa,$c©2018. 300 $a827 p. ;$c25 cm. 490 1 $aStudia selecta ;$v02 504 $aBibliografia in nota. 650 4$aDiritto canonico amministrativo.$0(OLS)http://pul/subject/1786 650 4$aChiesa e stato$zItalia.$0(OLS)http://pul/subject/1175 830 0$aStudia selecta ;$v02.$0(OLS)http://pul/title/208433 850 $aPUL 852 $aPUL$W1$xSL Diritto e Scienze Sociali 3$y79$m322 REAFR 1$j196477$qDDC 21$B201239$CPULBib$Z2$F201239 $H13345 $82 960 $aDiritto amministrativo canonico$91786 996 $6020$a978-88-319-3900-3*$9(OLS)http://pul/number/166611 996 $6082$a322$9(OLS)http://pul/classification/512 996 $6245$aInteressi diffusi e Ordinamento canonico : $ble posizioni giuridiche meta-individuali tra assorbimento del Civis nelle formazioni sociali e Spannung ontologico del Christifidelis nella realtą comunitaria della Chiesa$9(OLS)http://pul/title/213493 996 $6260$aAcerra (Na) :$bTurisa$9(OLS)http://pul/publisher/86776